Verbe en anglais n*3 - Statistiques

Statistiques générales
  • Ce quiz a été pris 26 fois
    5 depuis la dernière actualisation
  • Le résultat moyen est 7 sur 41
Statistiques - réponses
Français Anglais % Correct
se disputer argue
100%
appliquer apply
60%
étonner astonish
60%
appartenir belong
60%
oser dare
60%
supposer suppose
60%
accuser accuse
40%
cuire (un gâteau) bake
40%
effondrement/ s'effondrer collapse
40%
assassiner murder
40%
rendre hommage pay tribute
40%
être en grêve be on strike
20%
Changer d'avis change one's mind
20%
mettre en danger endanger
20%
encenser praise
20%
poursuivre pursue
20%
repousser reject
20%
sembler appear
0%
soutenir argue
0%
mis à part aside
0%
produire bear
0%
écraser beat down
0%
obligé (à) bound
0%
tomber en panne break down
0%
élever bring up
0%
enlever carry off
0%
réaliser carry out
0%
Changer d'habitudes change one's way
0%
cesser la production close down
0%
descendre come off
0%
sortir come out
0%
compatir commiserate with
0%
affronter cope
0%
traiter deal
0%
dépasser exceed
0%
ressentir experience
0%
alimenter fuel
0%
me soit arrivé (ever) has ever happened
0%
mettre en péril jeopardize
0%
reneverser knock over
0%
se rendre sunrender
0%
Aucun quiz correspondant
Distribution des résultats
% des personnes avec chaque résultat
Percentile par nombre de réponses
Votre historique - résultats
Vous n’avez pas pris ce quiz depuis la dernière actualisation